| 000 | 004860000a22001930004500 | ||
|---|---|---|---|
| 001 | 002963 | ||
| 003 | MACL | ||
| 005 | 20150826154751.0 | ||
| 008 | 150826b xxu||||| |||| 00| 0 eng d | ||
| 040 |
_aMACL _cMACL |
||
| 041 | _aEnglish | ||
| 082 | _a746.042/RAS | ||
| 100 |
_aRastogi, Sangeeta _97646 |
||
| 245 |
_aDress Desining & Stitching _cSangeeta Rastogi |
||
| 260 |
_aNew Delhi _c2001 _bSun Shine Books, |
||
| 350 | _a200 | ||
| 650 |
_aTextile Art _97647 |
||
| 942 |
_k746 _cBK _2ddc |
||
| 999 |
_c14869 _d14869 |
||